| 000 | 01420nam a22001817a 4500 | ||
|---|---|---|---|
| 005 | 20211124092601.0 | ||
| 008 | 211124b2021 my ||||| |||| 00| 0 my d | ||
| 040 | _aAKMAL | ||
| 082 | _a343.5950552 MAL | ||
| 090 |
_a343.5950552 _bMAL |
||
| 100 |
_aJKDM _d2021 _99330 |
||
| 245 |
_aUndang-Undang Malaysia : Perintah Cukai Jualan (Barang Yang Dikecualikan Daripada Cukai) 2018 [P.U.(A) 219/20185], Perintah Cukai Jualan (Barang Yang Dikecualikan Daripada Cukai) (Pindaan) 2018 [P.U.(A) 228/2018], Perintah Cukai Jualan (Barang Yang Dikecualikan Daripada Cukai) (Pindaan) (No.2) 2018 [P.U.(A) 234/2018], Perintah Cukai Jualan (Barang Yang Dikecualikan Daripada Cukai) (Pindaan) (No.3) 2018 [P.U.(A) 253/2018], Perintah Cukai Jualan (Barang Yang Dikecualikan Daripada Cukai) (Pindaan) (No.4) 2018 [P.U.(A) 404/2018] _bLaws Of Malaysia : Sales Tax (Goods Exempted From Tax) Order 2018 [P.U.(A) 219/2018], Sales Tax (Goods Exempted From Tax) (Amendment) Order 2018 [P.U.(A) 228/2018], Sales Tax (Goods Exempted From Tax) (Amendment) (No.2) Order 2018 [P.U.(A) 234/2018], Sales Tax (Goods Exempted From Tax) (Amendment) (No.3) Order 2018 [P.U.(A) 253/2018], Sales Tax (Goods Exempted From Tax) (Amendment) (No.4) Order 2018 [P.U.(A) 404/2018] |
||
| 260 | _bJKDM | ||
| 264 |
_aKuala Lumpur _bPercetakan Nasional Malaysia Berhad (PNMB) _c2021 |
||
| 300 |
_a368pg _c24cm |
||
| 500 | _aUndang-Undang Malaysia | ||
| 942 |
_2ddc _cLAW |
||
| 999 |
_c4912 _d4912 |
||